Chemical Symbol - Sudden Death - Statistics

General Stats
  • This quiz has been taken 96 times
  • The average score is 5 of 18
Answers on the Grid
Answers color-coded by a green-red scale on the quiz's grid according to % correct below.
Am
At
Br
Bs
Cm
Cu
Ds
En
Fl
Fv
Hg
Mb
Ms
Nb
Pa
Ph
Pl
Pm
Po
Pr
Pt
Ra
Rd
Rh
Rn
Sd
Sl
Th
Tn
Yt
 
Answer Stats
Answer % Correct
Br
72%
Cu
64%
Hg
59%
At
47%
Fl
33%
Am
29%
Pt
26%
Ra
26%
Cm
22%
Nb
22%
Ds
21%
Po
21%
Pa
17%
Rh
16%
Th
14%
Rn
12%
Pr
7%
Pm
5%
No matching quizzes found
Score Distribution
Percent of People with Each Score
Percentile by Number Answered
Your Score History
You have not taken this quiz